| 000 | 00905pam a2200289 i 4500 | ||
|---|---|---|---|
| 001 | 017870013 | ||
| 003 | EG-ScBUE | ||
| 005 | 20230206062352.0 | ||
| 008 | 160503s2016 enk f 000 1 eng d | ||
| 020 | _a9781471156267 (pbk.) | ||
| 040 |
_aStDuBDS _beng _erda _cStDuBDS _dUk _dEG-ScBUE |
||
| 082 | 0 | 4 |
_a813.6 _222 _bHOO |
| 100 | 1 |
_aHoover, Colleen, _eauthor. |
|
| 245 | 1 | 0 |
_aIt ends with us / _cColleen Hoover. |
| 264 | 1 |
_aLondon : _bSimon & Schuster UK Ltd., _c2016. |
|
| 300 |
_a376 pages ; _c20 cm |
||
| 336 |
_atext _2rdacontent _btxt |
||
| 337 |
_aunmediated _2rdamedia _bn |
||
| 338 |
_avolume _2rdacarrier _bnc |
||
| 650 | 7 |
_aMan-woman relationships _vFiction. _2BUEsh |
|
| 650 | 7 |
_aFirst loves _vFiction. _2BUEsh |
|
| 650 | 7 |
_aTriangles (Interpersonal relations) _vFiction. _2BUEsh |
|
| 653 |
_bHHUUCCHH _cJanuary2023 |
||
| 655 | 0 | _vReading book | |
| 942 |
_2ddc _cBB |
||
| 999 |
_c30085 _d30056 |
||